[Event "WLC A groep"]
[Site "Eindhoven, Netherlands"]
[Date "2019.05.25"]
[Round "4.4"]
[White "Wiley, Tom E"]
[Black "Slagboom, Leandro"]
[Result "1-0"]
[WhiteElo "2161"]
[BlackElo "1837"]
[PlyCount "103"]
[EventDate "2019.??.??"]

1. d4 {[%emt 0:00:01]} d5 {[%emt 0:01:43]} 2. c4 {[%emt 0:00:07]} c6 {[%emt 0:
00:08]} 3. Nc3 {[%emt 0:00:13]} Nf6 {[%emt 0:00:12]} 4. e3 {[%emt 0:00:12]} e6
{[%emt 0:00:14]} 5. Nf3 {[%emt 0:00:06]} Nbd7 {[%emt 0:00:16]} 6. Qc2 {[%emt 0:
00:06]} Bd6 {[%emt 0:00:31]} 7. Bd3 {[%emt 0:00:53]} b6 {[%emt 0:02:35]} 8. O-O
{[%emt 0:00:41]} Bb7 {[%emt 0:00:53]} 9. b3 {[%emt 0:01:38]} O-O {[%emt 0:00:
41]} 10. Bb2 {[%emt 0:00:05]} Qe7 {[%emt 0:01:36]} 11. Rad1 {[%emt 0:06:17]}
Rfd8 {[%emt 0:01:56]} 12. Qe2 {[%emt 0:04:47]} Rac8 {[%emt 0:01:06]} 13. e4 {
[%emt 0:01:57]} dxe4 {[%emt 0:00:12]} 14. Nxe4 {[%emt 0:00:04]} Nxe4 {[%emt 0:
00:21]} 15. Qxe4 {[%emt 0:03:28]} Nf6 {[%emt 0:00:51]} 16. Qh4 {[%emt 0:00:18]}
h6 {[%emt 0:03:49]} 17. Rfe1 {[%emt 0:00:56]} Rd7 {[%emt 0:08:21]} 18. Ne5 {
[%emt 0:04:31]} Bxe5 {[%emt 0:02:30]} 19. dxe5 {[%emt 0:00:40]} Ne8 {[%emt 0:
02:53]} 20. Qxe7 {[%emt 0:11:12]} Rxe7 {[%emt 0:00:17]} 21. Rd2 {[%emt 0:02:00]
} Rcc7 {[%emt 0:04:13]} 22. Red1 {[%emt 0:00:51]} Bc8 {[%emt 0:02:05]} 23. Be4
{[%emt 0:06:18]} c5 {[%emt 0:03:34]} 24. g4 {[%emt 0:03:44]} Red7 {[%emt 0:02:
37]} 25. h3 {[%emt 0:10:48]} Rxd2 {[%emt 0:01:29]} 26. Rxd2 {[%emt 0:00:12]}
Bb7 {[%emt 0:02:51]} 27. Bb1 {[%emt 0:00:36]} Kf8 {[%emt 0:02:43]} 28. f4 {
[%emt 0:01:14]} Ke7 {[%emt 0:02:29]} 29. Kf2 {[%emt 0:01:58]} Rd7 {[%emt 0:01:
33]} 30. Rxd7+ {[%emt 0:00:20]} Kxd7 {[%emt 0:00:03]} 31. f5 {[%emt 0:04:26]}
exf5 {[%emt 0:10:31]} 32. gxf5 {[%emt 0:00:29]} Ke7 {[%emt 0:03:52]} 33. Kg3 {
[%emt 0:00:45]} Bc6 {[%emt 0:08:49]} 34. Kg4 {[%emt 0:02:21]} Bb7 {[%emt 0:01:
48]} 35. Bd3 {[%emt 0:03:06]} Bc6 {[%emt 0:02:01]} 36. h4 {[%emt 0:02:57]} Bb7
{[%emt 0:00:46]} 37. Kf4 {[%emt 0:02:24]} Bc6 {[%emt 0:01:30]} 38. h5 {[%emt 0:
00:27]} Bb7 {[%emt 0:00:42]} 39. Be4 {[%emt 0:07:00]} Bxe4 {[%emt 0:00:16]} 40.
Kxe4 {[%emt 0:00:04]} Nc7 {[%emt 0:02:19]} 41. Bc1 {[%emt 0:00:10]} f6 {
[%emt 0:05:08]} 42. Bf4 {[%emt 0:02:10]} Ne8 {[%emt 0:02:37]} 43. Bg3 {[%emt 0:
07:15]} fxe5 {[%emt 0:03:44]} 44. Kxe5 {[%emt 0:00:06]} Kd7 {[%emt 0:04:28]}
45. Bh4 {[%emt 0:00:29]} Nd6 {[%emt 0:02:33]} 46. f6 {[%emt 0:01:00]} Nf7+ {
[%emt 0:01:44]} 47. Kf5 {[%emt 0:00:26]} gxf6 {[%emt 0:00:37]} 48. Bxf6 {
[%emt 0:01:02]} Kd6 {[%emt 0:01:31]} 49. Bh4 {[%emt 0:01:22]} Kd7 {[%emt 0:01:
55]} 50. Kg6 {[%emt 0:01:57]} Ke6 {[%emt 0:00:50]} 51. Bg3 {[%emt 0:00:15]}
Ne5+ {[%emt 0:02:47]} 52. Kxh6 {[%emt 0:00:10] Kd5 [%emt 00:00:14]} 1-0

[Event "WLC A groep"]
[Site "Eindhoven, Netherlands"]
[Date "2019.05.25"]
[Round "4.5"]
[White "Cebula, Jerzy"]
[Black "Sprangers, Remco"]
[Result "1-0"]
[WhiteElo "1982"]
[BlackElo "2268"]
[PlyCount "94"]
[EventDate "2019.??.??"]

1. e4 {[%emt 0:00:05]} e5 {[%emt 0:00:05]} 2. Nf3 {[%emt 0:00:17]} Nc6 {
[%emt 0:00:04]} 3. Bb5 {[%emt 0:00:37]} a6 {[%emt 0:00:09]} 4. Ba4 {[%emt 0:00:
08]} Nf6 {[%emt 0:00:04]} 5. d4 {[%emt 0:00:39]} exd4 {[%emt 0:00:28]} 6. O-O {
[%emt 0:00:14]} Be7 {[%emt 0:01:19]} 7. Re1 {[%emt 0:00:11]} O-O {[%emt 0:02:
03]} 8. e5 {[%emt 0:00:16]} Ne8 {[%emt 0:01:02]} 9. Nxd4 {[%emt 0:03:55]} Nxd4
{[%emt 0:00:15]} 10. Qxd4 {[%emt 0:00:09]} d5 {[%emt 0:05:24]} 11. c4 {[%emt 0:
02:06]} dxc4 {[%emt 0:00:42]} 12. Qxc4 {[%emt 0:00:10]} Be6 {[%emt 0:06:49]}
13. Qe2 {[%emt 0:03:03]} c5 {[%emt 0:02:55]} 14. Nc3 {[%emt 0:02:03]} b5 {
[%emt 0:00:29]} 15. Bc2 {[%emt 0:00:34]} b4 {[%emt 0:02:28]} 16. Rd1 {[%emt 0:
10:39]} Qb8 {[%emt 0:00:48]} 17. Qe4 {[%emt 0:01:03]} g6 {[%emt 0:00:26]} 18.
Nd5 {[%emt 0:01:02]} Bxd5 {[%emt 0:01:36]} 19. Rxd5 {[%emt 0:05:17]} Qb5 {
[%emt 0:15:29]} 20. Bb3 {[%emt 0:09:56]} Nc7 {[%emt 0:00:50]} 21. Rd1 {[%emt 0:
00:13]} Rfd8 {[%emt 0:06:09]} 22. Be3 {[%emt 0:00:23]} Ne6 {[%emt 0:01:03]} 23.
Bc4 {[%emt 0:02:24]} Qb6 {[%emt 0:00:22]} 24. Qf3 {[%emt 0:02:31]} Bf8 {
[%emt 0:01:37]} 25. h4 {[%emt 0:08:19]} Bg7 {[%emt 0:02:07]} 26. Qe4 {[%emt 0:
02:25]} a5 {[%emt 0:01:22]} 27. h5 {[%emt 0:02:14]} a4 {[%emt 0:06:18]} 28.
hxg6 {[%emt 0:02:12]} hxg6 {[%emt 0:00:05]} 29. b3 {[%emt 0:04:52]} axb3 {
[%emt 0:04:19]} 30. axb3 {[%emt 0:00:31]} Rxa1 {[%emt 0:03:11]} 31. Rxa1 {
[%emt 0:00:08]} Nc7 {[%emt 0:01:00]} 32. Rc1 {[%emt 0:04:09]} Ne6 {[%emt 0:00:
58]} 33. Ra1 {[%emt 0:02:26]} Nc7 {[%emt 0:06:50]} 34. Rc1 {[%emt 0:06:49]} Bf8
{[%emt 0:00:41]} 35. Qf3 {[%emt 0:01:00]} Ne6 {[%emt 0:00:25]} 36. Ra1 {
[%emt 0:00:18]} Qc7 {[%emt 0:02:38]} 37. Bxe6 {[%emt 0:02:56]} fxe6 {[%emt 0:
00:05]} 38. Qf6 {[%emt 0:00:08]} Bg7 {[%emt 0:00:24]} 39. Qxe6+ {[%emt 0:00:19]
} Qf7 {[%emt 0:00:06]} 40. Qxf7+ {[%emt 0:04:03]} Kxf7 {[%emt 0:00:06]} 41.
Ra7+ {[%emt 0:00:51]} Kg8 {[%emt 0:00:12]} 42. e6 {[%emt 0:01:44]} c4 {[%emt 0:
00:52]} 43. e7 {[%emt 0:02:45]} Rd1+ {[%emt 0:05:57]} 44. Kh2 {[%emt 0:00:06]}
Kf7 {[%emt 0:03:34]} 45. Bc5 {[%emt 0:02:44]} cxb3 {[%emt 0:00:40]} 46. Ra8 {
[%emt 0:00:16]} Re1 {[%emt 0:00:11]} 47. Rf8+ {[%emt 0:00:11]} Bxf8 {[%emt 0:
00:30]} 1-0

[Event "WLC A groep"]
[Site "Eindhoven, Netherlands"]
[Date "2019.05.25"]
[Round "4.6"]
[White "Smit, Maarten"]
[Black "Van Dael, Siem"]
[Result "0-1"]
[WhiteElo "1973"]
[BlackElo "2218"]
[PlyCount "98"]
[EventDate "2019.??.??"]

1. c4 {[%emt 0:00:16]} Nf6 {[%emt 0:14:52]} 2. Nc3 {[%emt 0:00:07]} g6 {
[%emt 0:00:10]} 3. d4 {[%emt 0:00:06]} Bg7 {[%emt 0:00:05]} 4. e4 {[%emt 0:00:
05]} d6 {[%emt 0:00:06]} 5. f3 {[%emt 0:00:05]} O-O {[%emt 0:00:14]} 6. Be3 {
[%emt 0:00:05]} c5 {[%emt 0:00:04]} 7. Nge2 {[%emt 0:00:22]} Nc6 {[%emt 0:00:
20]} 8. d5 {[%emt 0:02:33]} Ne5 {[%emt 0:00:06]} 9. Ng3 {[%emt 0:00:34]} h5 {
[%emt 0:00:26]} 10. Be2 {[%emt 0:04:30]} h4 {[%emt 0:00:06]} 11. Nf1 {[%emt 0:
00:05]} e6 {[%emt 0:00:03]} 12. Bg5 {[%emt 0:02:46]} h3 {[%emt 0:02:43]} 13. g4
{[%emt 0:00:22]} exd5 {[%emt 0:00:49]} 14. cxd5 {[%emt 0:00:22]} Qb6 {[%emt 0:
01:24]} 15. Qd2 {[%emt 0:02:26]} Nh7 {[%emt 0:01:11]} 16. Be3 {[%emt 0:05:12]}
Qa6 {[%emt 0:18:39]} 17. Ng3 {[%emt 0:06:53]} b5 {[%emt 0:01:03]} 18. O-O {
[%emt 0:01:30]} Nc4 {[%emt 0:08:25]} 19. Bxc4 {[%emt 0:03:06]} bxc4 {[%emt 0:
01:58]} 20. Kh1 {[%emt 0:01:52]} Rb8 {[%emt 0:00:26]} 21. Rg1 {[%emt 0:18:49]}
Nf6 {[%emt 0:09:17]} 22. Bh6 {[%emt 0:06:07]} Rxb2 {[%emt 0:02:35]} 23. Qxb2 {
[%emt 0:01:36]} Bxh6 {[%emt 0:00:06]} 24. g5 {[%emt 0:05:12]} Bxg5 {[%emt 0:01:
07]} 25. Nf5 {[%emt 0:00:37]} Bf4 {[%emt 0:01:09]} 26. Qf2 {[%emt 0:14:12]} Qa3
{[%emt 0:08:21]} 27. Nb5 {[%emt 0:03:35]} Qd3 {[%emt 0:04:20]} 28. Ne7+ {
[%emt 0:14:53]} Kg7 {[%emt 0:00:14]} 29. Rge1 {[%emt 0:00:22]} c3 {[%emt 0:03:
33]} 30. Qe2 {[%emt 0:04:14]} Qxe2 {[%emt 0:02:54]} 31. Rxe2 {[%emt 0:00:02]}
Ba6 {[%emt 0:00:06]} 32. Nxc3 {[%emt 0:00:30]} Bxe2 {[%emt 0:14:28]} 33. Nxe2 {
[%emt 0:00:01]} Bd2 {[%emt 0:00:37]} 34. Rd1 {[%emt 0:00:47]} Bb4 {[%emt 0:01:
06]} 35. Nc6 {[%emt 0:00:28]} a5 {[%emt 0:00:47]} 36. a3 {[%emt 0:00:27]} Bxa3
{[%emt 0:00:05]} 37. Nxa5 {[%emt 0:00:01]} Rb8 {[%emt 0:03:07]} 38. Nf4 {
[%emt 0:01:15]} Nd7 {[%emt 0:01:20]} 39. Nxh3 {[%emt 0:01:56]} Ne5 {[%emt 0:00:
04]} 40. f4 {[%emt 0:00:21]} Ng4 {[%emt 0:00:03]} 41. Rg1 {[%emt 0:01:27]} Nf6
{[%emt 0:00:19]} 42. Ng5 {[%emt 0:00:14]} Rb4 {[%emt 0:00:25]} 43. Re1 {
[%emt 0:00:34]} c4 {[%emt 0:00:31]} 44. Nc6 {[%emt 0:00:40]} Rb2 {[%emt 0:00:
20]} 45. h3 {[%emt 0:00:34]} c3 {[%emt 0:00:13]} 46. Nd4 {[%emt 0:00:39]} Bc5 {
[%emt 0:00:22]} 47. Ngf3 {[%emt 0:00:16]} Nh5 {[%emt 0:00:40]} 48. Rc1 {
[%emt 0:00:41]} Ng3+ {[%emt 0:00:10]} 49. Kg1 Ne2+ {[%emt 0:00:07]} 0-1

[Event "WLC A groep"]
[Site "Eindhoven, Netherlands"]
[Date "2019.05.25"]
[Round "4.8"]
[White "Van Doren, Bas"]
[Black "Huesmann, Thomas"]
[Result "1/2-1/2"]
[WhiteElo "1956"]
[BlackElo "2168"]
[PlyCount "125"]
[EventDate "2019.??.??"]

1. e4 {[%emt 0:00:02]} e5 {[%emt 0:00:06]} 2. Nf3 {[%emt 0:00:05]} Nc6 {
[%emt 0:00:06]} 3. d4 {[%emt 0:00:04]} exd4 {[%emt 0:00:11]} 4. Nxd4 {[%emt 0:
00:04]} Bb4+ {[%emt 0:00:35]} 5. c3 {[%emt 0:00:16]} Bc5 {[%emt 0:00:07]} 6.
Be3 {[%emt 0:00:48]} Bb6 {[%emt 0:00:08]} 7. Nf5 {[%emt 0:00:21]} g6 {[%emt 0:
00:32]} 8. Bxb6 {[%emt 0:00:13]} axb6 {[%emt 0:00:20]} 9. Ne3 {[%emt 0:00:17]}
Nf6 {[%emt 0:02:15]} 10. f3 {[%emt 0:01:10]} d6 {[%emt 0:01:02]} 11. c4 {
[%emt 0:05:22]} O-O {[%emt 0:04:40]} 12. Bd3 {[%emt 0:01:40]} Nh5 {[%emt 0:09:
29]} 13. O-O {[%emt 0:03:23]} Be6 {[%emt 0:00:20]} 14. Nc3 {[%emt 0:00:55]} Nf4
{[%emt 0:09:46]} 15. Ncd5 {[%emt 0:03:17]} Bxd5 {[%emt 0:01:22]} 16. Nxd5 {
[%emt 0:03:10]} Nxd5 {[%emt 0:01:55]} 17. cxd5 {[%emt 0:00:13]} Ne5 {[%emt 0:
00:57]} 18. Rf2 {[%emt 0:03:27]} Ra5 {[%emt 0:06:01]} 19. a3 {[%emt 0:05:22]}
Qf6 {[%emt 0:01:35]} 20. Bf1 {[%emt 0:02:48]} Rfa8 {[%emt 0:04:12]} 21. Qc1 {
[%emt 0:03:48]} Rc5 {[%emt 0:03:58]} 22. Qb1 {[%emt 0:02:52]} Rca5 {[%emt 0:01:
48]} 23. Qc1 {[%emt 0:02:27]} c5 {[%emt 0:01:16]} 24. dxc6 {[%emt 0:01:47]}
bxc6 {[%emt 0:01:12]} 25. Qe3 {[%emt 0:06:40]} c5 {[%emt 0:00:40]} 26. Qb3 {
[%emt 0:04:18]} Qd8 {[%emt 0:02:35]} 27. Qd5 {[%emt 0:04:41]} Qc7 {[%emt 0:04:
19]} 28. Rd1 {[%emt 0:05:21]} Rd8 {[%emt 0:00:28]} 29. g3 {[%emt 0:03:57]} Nc6
{[%emt 0:08:07]} 30. Rc2 {[%emt 0:00:50]} Qd7 {[%emt 0:04:46]} 31. Bh3 {
[%emt 0:00:48]} Qe8 {[%emt 0:01:23]} 32. Rf2 {[%emt 0:08:47]} Nd4 {[%emt 0:00:
27]} 33. f4 {[%emt 0:01:37]} Ra7 {[%emt 0:02:26]} 34. f5 {[%emt 0:02:42]} g5 {
[%emt 0:05:57]} 35. f6 {[%emt 0:06:19]} Qe5 {[%emt 0:00:16]} 36. Rf5 {[%emt 0:
00:42]} Qxd5 {[%emt 0:02:26]} 37. Rxd5 {[%emt 0:00:19]} Re8 {[%emt 0:08:30]}
38. Rxd6 {[%emt 0:02:45]} Raa8 {[%emt 0:02:04]} 39. Rxb6 {[%emt 0:02:58]} Rad8
{[%emt 0:01:08]} 40. Kf2 {[%emt 0:02:30]} Rxe4 {[%emt 0:00:19]} 41. Rd2 {
[%emt 0:03:50]} Rde8 {[%emt 0:02:17]} 42. Bd7 {[%emt 0:01:22]} Rd8 {[%emt 0:01:
25]} 43. a4 {[%emt 0:01:43]} h5 {[%emt 0:00:21]} 44. Rd6 {[%emt 0:02:18]} Re6 {
[%emt 0:03:02]} 45. Rxe6 {[%emt 0:02:25]} fxe6 {[%emt 0:00:42]} 46. Bb5 {
[%emt 0:00:10]} Rb8 {[%emt 0:01:01]} 47. Bc4 {[%emt 0:01:33]} Kf7 {[%emt 0:00:
21]} 48. Ke3 {[%emt 0:00:23]} Kxf6 {[%emt 0:00:35]} 49. Ke4 {[%emt 0:00:56]}
Rb4 {[%emt 0:00:25]} 50. Rf2+ {[%emt 0:00:36]} Ke7 {[%emt 0:00:09]} 51. Kd3 {
[%emt 0:01:04]} Rxa4 {[%emt 0:00:24]} 52. Rf1 {[%emt 0:00:31]} Rb4 {[%emt 0:01:
16]} 53. Kc3 {[%emt 0:00:05]} g4 {[%emt 0:00:32]} 54. Ra1 {[%emt 0:00:42]} Nb5+
{[%emt 0:02:14]} 55. Bxb5 {[%emt 0:00:34]} Rxb5 {[%emt 0:00:04]} 56. Ra7+ {
[%emt 0:00:20]} Kf6 {[%emt 0:00:11]} 57. Rh7 {[%emt 0:00:05]} Kg6 {[%emt 0:00:
19]} 58. Re7 {[%emt 0:00:06]} Rb6 {[%emt 0:00:09]} 59. Rc7 {[%emt 0:00:10]} Rb5
{[%emt 0:00:34]} 60. Re7 {[%emt 0:00:10]} Rb6 {[%emt 0:01:14]} 61. Rc7 {
[%emt 0:00:06]} Rb5 {[%emt 0:00:45]} 62. Re7 {[%emt 0:00:30]} Rb6 {[%emt 0:00:
05]} 63. Rc7 {[%emt 0:00:05]} 1/2-1/2

[Event "WLC A groep"]
[Site "Eindhoven, Netherlands"]
[Date "2019.05.26"]
[Round "5.1"]
[White "Wiley, Tom E"]
[Black "Bok, Benjamin"]
[Result "0-1"]
[WhiteElo "2161"]
[BlackElo "2632"]
[PlyCount "134"]
[EventDate "2019.??.??"]

1. d4 {[%emt 0:00:03]} d5 {[%emt 0:00:37]} 2. c4 {[%emt 0:00:05]} e6 {[%emt 0:
00:10]} 3. Nc3 {[%emt 0:00:04]} c6 {[%emt 0:00:05]} 4. e3 {[%emt 0:00:04]} Nf6
{[%emt 0:00:06]} 5. Nf3 {[%emt 0:00:07]} Nbd7 {[%emt 0:00:05]} 6. Qc2 {[%emt 0:
00:05]} Bd6 {[%emt 0:00:09]} 7. Bd3 {[%emt 0:00:05]} O-O {[%emt 0:00:29]} 8.
O-O {[%emt 0:00:11]} dxc4 {[%emt 0:00:28]} 9. Bxc4 {[%emt 0:00:07]} b5 {
[%emt 0:00:04]} 10. Be2 {[%emt 0:00:35]} a6 {[%emt 0:05:04]} 11. a4 {[%emt 0:
04:44]} Bb7 {[%emt 0:05:22]} 12. b3 {[%emt 0:01:02]} b4 {[%emt 0:30:37]} 13.
Ne4 {[%emt 0:00:41]} Nxe4 {[%emt 0:00:05]} 14. Qxe4 {[%emt 0:00:04]} Nf6 {
[%emt 0:00:05]} 15. Qc2 {[%emt 0:03:03]} c5 {[%emt 0:14:18]} 16. dxc5 {[%emt 0:
03:37]} Rc8 {[%emt 0:00:34]} 17. Rd1 {[%emt 0:04:25]} Rxc5 {[%emt 0:05:34]} 18.
Qxc5 {[%emt 0:00:50]} Bxc5 {[%emt 0:00:05]} 19. Rxd8 {[%emt 0:00:04]} Rxd8 {
[%emt 0:00:05]} 20. Bb2 {[%emt 0:00:41]} Ne4 {[%emt 0:02:25]} 21. Rd1 {[%emt 0:
10:29]} Rxd1+ {[%emt 0:00:49]} 22. Bxd1 {[%emt 0:00:06]} f6 {[%emt 0:00:35]}
23. Bd4 {[%emt 0:07:01]} e5 {[%emt 0:16:12]} 24. Bxc5 {[%emt 0:00:33]} Nxc5 {
[%emt 0:00:01]} 25. h4 {[%emt 0:05:45]} Kf7 {[%emt 0:04:28]} 26. Nd2 {[%emt 0:
01:17]} g5 {[%emt 0:06:21]} 27. hxg5 {[%emt 0:03:01]} fxg5 {[%emt 0:00:01]} 28.
g4 {[%emt 0:02:51]} e4 {[%emt 0:02:23]} 29. Kg2 {[%emt 0:01:38]} Bd5 {[%emt 0:
01:24]} 30. Kg3 {[%emt 0:00:42]} Kf6 {[%emt 0:00:48]} 31. Bc2 {[%emt 0:00:24]}
h6 {[%emt 0:00:21]} 32. Bd1 {[%emt 0:02:58]} a5 {[%emt 0:00:41]} 33. Bc2 {
[%emt 0:00:22]} Ke5 {[%emt 0:00:06]} 34. Bd1 {[%emt 0:11:08]} Ke6 {[%emt 0:00:
37]} 35. Bc2 {[%emt 0:01:01]} Kf6 {[%emt 0:00:55]} 36. Bd1 {[%emt 0:00:14]} Nd3
{[%emt 0:01:23]} 37. Bc2 {[%emt 0:01:46]} Nc1 {[%emt 0:01:01]} 38. Bd1 {
[%emt 0:04:59]} Ke5 {[%emt 0:01:22]} 39. Kg2 {[%emt 0:01:02]} Bg8 {[%emt 0:02:
08]} 40. Kh3 {[%emt 0:10:54]} Bf7 {[%emt 0:00:52]} 41. Kg2 {[%emt 0:00:57]} Bd5
{[%emt 0:00:31]} 42. Kh3 {[%emt 0:00:47]} Ke6 {[%emt 0:01:33]} 43. Kg3 {
[%emt 0:01:34]} Kf6 {[%emt 0:00:10]} 44. Kg2 {[%emt 0:01:24]} Ke5 {[%emt 0:00:
50]} 45. Kh3 {[%emt 0:00:09]} Nd3 {[%emt 0:00:40]} 46. Kg3 {[%emt 0:02:51]} Nc5
{[%emt 0:00:16]} 47. Kg2 {[%emt 0:00:35]} Bg8 {[%emt 0:00:43]} 48. Kg3 {
[%emt 0:04:04]} Be6 {[%emt 0:00:32]} 49. Kg2 {[%emt 0:00:20]} Nd3 {[%emt 0:00:
19]} 50. Kg3 {[%emt 0:01:35]} Nc1 {[%emt 0:00:19]} 51. Kh3 {[%emt 0:00:35]} h5
{[%emt 0:00:47]} 52. Kg3 {[%emt 0:00:13]} h4+ {[%emt 0:00:09]} 53. Kg2 {
[%emt 0:00:21]} Bg8 {[%emt 0:00:53]} 54. Bc2 {[%emt 0:01:42]} Bd5 {[%emt 0:00:
14]} 55. Kh2 {[%emt 0:01:07]} Ne2 {[%emt 0:00:53]} 56. Kg2 {[%emt 0:03:37]} Nc3
{[%emt 0:00:21]} 57. Kh3 {[%emt 0:01:09]} Be6 {[%emt 0:00:38]} 58. Nf1 {
[%emt 0:00:09]} Bc8 {[%emt 0:00:36]} 59. Nd2 {[%emt 0:00:48]} Ba6 {[%emt 0:00:
10]} 60. f3 {[%emt 0:00:22]} exf3 {[%emt 0:00:46]} 61. Nxf3+ {[%emt 0:00:04]}
Kf6 {[%emt 0:00:04]} 62. Nd4 {[%emt 0:00:59]} Nd5 {[%emt 0:00:51]} 63. e4 {
[%emt 0:02:11]} Ne3 {[%emt 0:00:25]} 64. Bb1 {[%emt 0:00:08]} Ke5 {[%emt 0:00:
43]} 65. Nc6+ {[%emt 0:00:22]} Kf4 {[%emt 0:00:12]} 66. Nxa5 {[%emt 0:01:23]}
Bf1+ {[%emt 0:00:27]} 67. Kh2 {[%emt 0:00:07]} h3 {[%emt 0:00:07]} 0-1

[Event "WLC A groep"]
[Site "Eindhoven, Netherlands"]
[Date "2019.05.26"]
[Round "5.3"]
[White "Van Foreest, Lucas"]
[Black "Klapwijk, Bram"]
[Result "1-0"]
[WhiteElo "2529"]
[BlackElo "2168"]
[PlyCount "60"]
[EventDate "2019.??.??"]

1. e4 {[%emt 0:00:07]} e6 {[%emt 0:00:06]} 2. d4 {[%emt 0:00:13]} d5 {[%emt 0:
00:04]} 3. Nd2 {[%emt 0:00:15]} Nf6 {[%emt 0:00:21]} 4. e5 {[%emt 0:00:05]}
Nfd7 {[%emt 0:00:04]} 5. c3 {[%emt 0:00:03]} c5 {[%emt 0:00:05]} 6. Bd3 {
[%emt 0:00:16]} Nc6 {[%emt 0:00:06]} 7. Ngf3 {[%emt 0:00:22]} Be7 {[%emt 0:06:
11]} 8. O-O {[%emt 0:00:05]} a5 {[%emt 0:00:11]} 9. a4 {[%emt 0:06:44]} cxd4 {
[%emt 0:08:10]} 10. cxd4 {[%emt 0:00:32]} Nb4 {[%emt 0:01:09]} 11. Bb1 {
[%emt 0:05:05]} O-O {[%emt 0:07:41]} 12. Re1 {[%emt 0:02:37]} b6 {[%emt 0:02:
52]} 13. Nf1 {[%emt 0:00:13]} Ba6 {[%emt 0:04:52]} 14. Bd2 {[%emt 0:00:13]} b5
{[%emt 0:09:46]} 15. axb5 {[%emt 0:11:18]} Bxb5 {[%emt 0:00:05]} 16. Bc3 {
[%emt 0:00:03]} Nb6 {[%emt 0:04:46]} 17. h4 {[%emt 0:00:03]} Bxh4 {[%emt 0:22:
02]} 18. Nxh4 {[%emt 0:02:43]} Qxh4 {[%emt 0:00:06]} 19. Re3 {[%emt 0:00:02]}
f5 {[%emt 0:00:12]} 20. exf6 {[%emt 0:03:33]} Rxf6 {[%emt 0:03:36]} 21. Qe1 {
[%emt 0:00:33]} Bxf1 {[%emt 0:14:15]} 22. Rh3 {[%emt 0:01:03]} Qg5 {[%emt 0:01:
01]} 23. Bxh7+ {[%emt 0:02:26]} Kf7 {[%emt 0:00:14]} 24. Qxf1 {[%emt 0:00:05]}
Rh6 {[%emt 0:02:17]} 25. Rf3+ {[%emt 0:01:36]} Rf6 {[%emt 0:00:06]} 26. Rh3 {
[%emt 0:13:10]} Rh6 {[%emt 0:00:16]} 27. Rg3 {[%emt 0:01:28]} Qh4 {[%emt 0:02:
31]} 28. Rf3+ {[%emt 0:00:14]} Rf6 {[%emt 0:00:16]} 29. Rh3 {[%emt 0:00:04]}
Qg5 {[%emt 0:08:56]} 30. Qb5 {[%emt 0:01:55]} Qf4 {[%emt 0:05:47]} 1-0

[Event "WLC A groep"]
[Site "Eindhoven, Netherlands"]
[Date "2019.05.26"]
[Round "5.4"]
[White "Van Dael, Siem"]
[Black "Van Dooren, Dirk"]
[Result "1-0"]
[WhiteElo "2218"]
[BlackElo "2360"]
[PlyCount "57"]
[EventDate "2019.??.??"]

1. e4 {[%emt 0:00:03]} c5 {[%emt 0:00:13]} 2. Nf3 {[%emt 0:00:06]} e6 {[%emt 0:
00:12]} 3. d4 {[%emt 0:00:06]} cxd4 {[%emt 0:00:05]} 4. Nxd4 {[%emt 0:00:06]}
Nc6 {[%emt 0:00:07]} 5. Nc3 {[%emt 0:00:07]} Qc7 {[%emt 0:00:45]} 6. Be3 {
[%emt 0:00:08]} a6 {[%emt 0:00:05]} 7. Qd2 {[%emt 0:00:06]} Nf6 {[%emt 0:00:35]
} 8. f4 {[%emt 0:00:05]} d6 {[%emt 0:03:30]} 9. O-O-O {[%emt 0:02:04]} Be7 {
[%emt 0:04:41]} 10. Be2 {[%emt 0:01:48]} h5 {[%emt 0:03:38]} 11. Kb1 {[%emt 0:
05:21]} Bd7 {[%emt 0:00:43]} 12. Bf3 {[%emt 0:05:11]} Na5 {[%emt 0:06:25]} 13.
Qd3 {[%emt 0:02:09]} Nc4 {[%emt 0:05:00]} 14. Bc1 {[%emt 0:04:44]} Rc8 {
[%emt 0:01:18]} 15. b3 {[%emt 0:07:36]} Na5 {[%emt 0:25:37]} 16. Bb2 {[%emt 0:
01:48]} Nc6 {[%emt 0:01:14]} 17. Rhe1 {[%emt 0:03:41]} Ng4 {[%emt 0:05:26]} 18.
Bxg4 {[%emt 0:05:35]} hxg4 {[%emt 0:00:15]} 19. Nf5 {[%emt 0:00:12]} exf5 {
[%emt 0:05:01]} 20. Nd5 {[%emt 0:00:06]} Qd8 {[%emt 0:00:28]} 21. Bxg7 {
[%emt 0:03:48]} Rh7 {[%emt 0:02:07]} 22. exf5 {[%emt 0:00:14]} Rxg7 {[%emt 0:
01:34]} 23. f6 {[%emt 0:00:12]} Rg6 {[%emt 0:00:02]} 24. Nxe7 {[%emt 0:04:02]}
Nxe7 {[%emt 0:00:10]} 25. Rxe7+ {[%emt 0:00:06]} Kf8 {[%emt 0:02:06]} 26. Qxd6
{[%emt 0:00:07]} Kg8 {[%emt 0:00:36]} 27. f5 {[%emt 0:06:25]} Rh6 {[%emt 0:00:
07]} 28. Qd2 {[%emt 0:03:14]} Qc7 {[%emt 0:01:24]} 29. Rxd7 {[%emt 0:00:20]}
1-0

[Event "WLC A groep"]
[Site "Eindhoven, Netherlands"]
[Date "2019.05.26"]
[Round "5.5"]
[White "Baselmans, Luuk"]
[Black "Elgersma, Onno"]
[Result "1-0"]
[WhiteElo "2329"]
[BlackElo "2166"]
[PlyCount "107"]
[EventDate "2019.??.??"]

1. e4 {[%emt 0:00:01]} c6 {[%emt 0:00:11]} 2. d4 {[%emt 0:00:21]} d5 {[%emt 0:
00:09]} 3. exd5 {[%emt 0:00:14]} cxd5 {[%emt 0:00:06]} 4. Bd3 {[%emt 0:00:08]}
Nc6 {[%emt 0:00:06]} 5. c3 {[%emt 0:00:06]} Qc7 {[%emt 0:00:16]} 6. Ne2 {
[%emt 0:00:09]} Bg4 {[%emt 0:00:32]} 7. Qb3 {[%emt 0:00:19]} Bxe2 {[%emt 0:03:
36]} 8. Bxe2 {[%emt 0:00:07]} e6 {[%emt 0:09:47]} 9. O-O {[%emt 0:00:29]} Bd6 {
[%emt 0:00:34]} 10. h3 {[%emt 0:01:57]} Nge7 {[%emt 0:01:17]} 11. Nd2 {[%emt 0:
03:22]} O-O {[%emt 0:04:18]} 12. Nf3 {[%emt 0:03:34]} Rab8 {[%emt 0:05:06]} 13.
a4 {[%emt 0:03:17]} Ng6 {[%emt 0:04:57]} 14. Bd3 {[%emt 0:05:36]} Nf4 {[%emt 0:
11:33]} 15. Bxf4 {[%emt 0:00:18]} Bxf4 {[%emt 0:00:04]} 16. Qc2 {[%emt 0:04:10]
} g6 {[%emt 0:07:29]} 17. g3 {[%emt 0:00:45]} Bh6 {[%emt 0:00:44]} 18. Qe2 {
[%emt 0:00:54]} Rbe8 {[%emt 0:05:25]} 19. Rfe1 {[%emt 0:01:27]} f6 {[%emt 0:03:
34]} 20. Bb1 {[%emt 0:05:48]} Qd7 {[%emt 0:08:25]} 21. Ba2 {[%emt 0:01:06]} Kh8
{[%emt 0:05:03]} 22. Rad1 {[%emt 0:01:43]} a6 {[%emt 0:01:23]} 23. h4 {[%emt 0:
02:40]} Nd8 {[%emt 0:03:43]} 24. a5 {[%emt 0:03:43]} Qc7 {[%emt 0:06:36]} 25.
h5 {[%emt 0:02:37]} g5 {[%emt 0:05:33]} 26. Nh2 {[%emt 0:02:13]} f5 {[%emt 0:
01:39]} 27. c4 {[%emt 0:01:59]} Qf7 {[%emt 0:02:10]} 28. cxd5 {[%emt 0:13:37]}
exd5 {[%emt 0:00:05]} 29. Qf3 {[%emt 0:00:07]} Re4 {[%emt 0:03:41]} 30. g4 {
[%emt 0:07:06]} Qe7 {[%emt 0:03:18]} 31. Qc3 {[%emt 0:04:27]} fxg4 {[%emt 0:01:
30]} 32. Bxd5 {[%emt 0:01:13]} Rxe1+ {[%emt 0:00:21]} 33. Rxe1 {[%emt 0:02:38]}
Qd7 {[%emt 0:01:00]} 34. Bg2 {[%emt 0:03:13]} Bg7 {[%emt 0:01:16]} 35. Re4 {
[%emt 0:01:30]} Rf4 {[%emt 0:00:54]} 36. Qe3 {[%emt 0:01:04]} Rxe4 {[%emt 0:00:
37]} 37. Qxe4 {[%emt 0:00:29]} g3 {[%emt 0:00:31]} 38. Nf3 {[%emt 0:00:28]}
gxf2+ {[%emt 0:00:26]} 39. Kxf2 {[%emt 0:00:07]} Nf7 {[%emt 0:00:27]} 40. Bh3 {
[%emt 0:01:10]} Qd8 {[%emt 0:01:44]} 41. Qxb7 {[%emt 0:02:06]} Nh6 {[%emt 0:00:
30]} 42. Qc8 {[%emt 0:02:14]} Qg8 {[%emt 0:00:34]} 43. Ne5 {[%emt 0:03:55]} g4
{[%emt 0:00:24]} 44. Qxg8+ {[%emt 0:00:21]} Kxg8 {[%emt 0:00:03]} 45. Bf1 {
[%emt 0:00:17]} g3+ {[%emt 0:00:21]} 46. Kxg3 {[%emt 0:01:32]} Nf5+ {[%emt 0:
00:04]} 47. Kf4 {[%emt 0:00:05]} Nxd4 {[%emt 0:00:27]} 48. Bxa6 {[%emt 0:00:17]
} Ne6+ {[%emt 0:00:54]} 49. Kf5 {[%emt 0:00:11]} Nd4+ {[%emt 0:00:24]} 50. Ke4
{[%emt 0:00:07]} Bxe5 {[%emt 0:01:17]} 51. Kxe5 {[%emt 0:00:13]} Nc6+ {[%emt 0:
00:07]} 52. Kd6 {[%emt 0:00:10]} Nxa5 {[%emt 0:00:04]} 53. b4 {[%emt 0:00:07]}
Nb3 {[%emt 0:00:08]} 54. Bc4+ {[%emt 0:00:06]} 1-0